|
|
|
|
| LEADER |
00000nab a2200000 a 4500 |
| 001 |
vtls008692904 |
| 003 |
SK-MaSNL |
| 005 |
20260304134958.0 |
| 008 |
250505c2005 xo fr|p|||||||000 b|slo |
| 015 |
|
|
|a SNBRB2006/04
|2 snkbucl
|
| 035 |
|
|
|a (sysno)vtls008692904
|
| 035 |
|
|
|a urn:nbn:sk:snk-ab70t8
|
| 035 |
|
|
|a (uuid)dbe7d2d5-3665-4c18-89df-027e34fab991
|
| 035 |
|
|
|a (urnnbn)urn:nbn:sk:snk:ar-a06gss
|
| 038 |
|
|
|a SNKBUCL
|
| 040 |
|
|
|a SNKBUCL
|b slo
|c SNKBUCL
|e AACR2
|
| 041 |
0 |
|
|a slo
|b eng
|
| 044 |
|
|
|a xo
|c SK
|
| 080 |
|
|
|a 658.011/.012
|2 1997
|
| 100 |
1 |
|
|a Neumannová, Anna,
|d 1960-
|4 aut
|9 203298
|
| 245 |
1 |
0 |
|a Podniková terapeutika - neoddeliteľná súčasť podnikovej diagnostiky
|c Anna Neumannová
|
| 300 |
|
|
|b Tab.
|
| 504 |
|
|
|a Bibliogr. odkazy
|
| 546 |
|
|
|a Res. angl.
|
| 650 |
0 |
7 |
|a podniky
|2 snkbucl
|9 923
|
| 650 |
0 |
7 |
|a riadenie
|2 snkbucl
|9 924
|
| 650 |
0 |
7 |
|a podniková diagnostika
|2 snkbucl
|9 1074901
|
| 650 |
0 |
7 |
|a podniková terapeutika
|2 snkbucl
|9 1305293
|
| 773 |
0 |
|
|t Vedecké listy Fakulty chemickej a potravinárskej technológie Slovenskej technickej univerzity v Bratislave, Katedry manažmentu
|g Roč. I., č. 2 (2005), s. 56-62
|x 1336-815X
|
| 850 |
|
|
|a Slovenská národná knižnica
|
| 852 |
|
|
|a Slovenská národná knižnica
|
| 954 |
|
|
|a odborná, vedecká literatúra pôvodná (slovenská)
|2 lita
|
| 958 |
|
|
|a article27
|
| 958 |
|
|
|a NB
|
| 958 |
|
|
|a OND
|
| 958 |
|
|
|a EUIPO
|
| 999 |
|
|
|c 2908944
|d 2910874
|